000 00575nam a2200229Ia 4500
003 OSt
005 20220928103727.0
006 a|||||r|||| 00| 0
007 ta
008 220927b |||||||| |||| 00| 0 eng d
024 _a57425
037 _cTextual
040 _aSDCL
_cSDCL
_beng
041 _2eng
_aeng
082 _aV4674'M7, M1
100 _aKour Z H
_9406793
245 0 _aHistory of Aden,1839-72
260 _aLondon
_bFrank Cass
_c1981
300 _a240p
_ccm.
942 _hV4674'M7, M1
_cTEXL
_2CC
999 _c722324
_d722324